01265nas a2200349 4500001001300000003000900013005001700022007000300039008003400042040005400076041000900130072000800139100002500147100002000172100001900192100002100211100002300232100001800255100001200273100001900285245011800304650002300422650000900445650002500454650001800479773012000497856007200617909004000689942001800729999001900747952014900766BR2018000176BR-BrBNA20231205131217.0ta230509b bl.|||p| |||| 00| 00por d aBR-BrBNAbporcBiblioteca Nacional de Agricultura a(En) aF301 aSantos, M. de S. dos1 aStancatte, R.S.1 aFerreira, T.C.1 aDorighello, D.V.1 aPazianotto, R.A.A.1 aMelo, I.S. de1 aMay, A.1 aRamos, N.P. 1 aResistance to water deficit during the formation of sugarcane seedlings mediated by interaction with Bacillus sp  aCANA DE AÇÚCAR aMUDA aVARIEDADE RESISTENTE aMICRORGANISMO0 tCientífica. Revista de Ciências Agrárias (Brazil)xISSN 1984-5529 g(2017), v. 45(4) p. 414-421wBR201800017640uhttp://cientifica.org.br/index.php/cientifica/article/view/1049/612 a202311bLúciac55dLúcia Elande 2AGRISn0cANA c253592d253592 002AGRIS4071a41918b41918cPeriódicos Agrícolash(2017), v. 45(4) p. 414-421l0r2023-11-29t01yCRePortaria Interministerial nº 164/94